Exponential stability of stochastic differential equations /

Guardado en:
Autor Principal: Mao, Xuerong.
Formato: Libro
Idioma:English
Publicado: New York : Marcel Dekker, c1994.
Series:Monographs and textbooks in pure and applied mathematics ; 182
Etiquetas: Agregar Etiqueta
Sin Etiquetas, Sea el primero en etiquetar este registro!
LEADER 00668nam a22001815a 4500
001 MAT.inmabb000072
008 940207s1994####nyua#####b####001#0#eng##
005 20130311181543.0
245 1 0 |a Exponential stability of stochastic differential equations /  |c Xuerong Mao. 
260 |a New York :  |b Marcel Dekker,  |c c1994. 
300 |a xii, 307 p. ;  |c 24 cm. 
440 0 |a Monographs and textbooks in pure and applied mathematics ;  |v 182 
504 |a Includes bibliographical references (p. 295-304) and index. 
510 4 |a MR,  |c 95k:60153 
020 |a 0824790804 
100 1 |a Mao, Xuerong. 
084 |a 60H20 (34D08 34F05 60G48 93E15)  |2 msc2000 
859 |h 60  |i M296  |p A-7769  |b BIB. MATEMATICA